书目信息 |
| 题名: |
小学教师自然常识实用手册
|
|
| 作者: | 王良忠 编 | |
| 分册: | ||
| 出版信息: | 长沙 湖南教育出版社 1982 |
|
| 页数: | 431页 | |
| 开本: | 19cm | |
| 丛书名: | ||
| 单 册: | ||
| 中图分类: | G623.6 | |
| 科图分类: | ||
| 主题词: | 常识课--小学--手册 | |
| 电子资源: | ||
| ISBN: | ||
| 000 | 00646nam0 2200229 45 | |
| 001 | 0182003096 | |
| 005 | 20060809145837.62 | |
| 010 | @dCNY1.10 | |
| 091 | @aCN@b7284.53 | |
| 100 | @a19950705d1982 em y0chiy0121 ea | |
| 101 | 0 | @achi |
| 102 | @aCN@b430000 | |
| 105 | @ay z 000yy | |
| 200 | 10 | @a小学教师自然常识实用手册@Axiao xue jiao shi zi ran chang shi shi yong shou ce@f王良忠编 |
| 210 | @a长沙@c湖南教育出版社@d1982 | |
| 215 | @a431页@d19cm | |
| 606 | @a常识课@x小学@x手册 | |
| 690 | @aG623.6@v3 | |
| 701 | 0 | @a王良忠@Awang liang zhong@4编 |
| 801 | 0 | @aCN@bTSSF@c20060809 |
| 801 | 2 | @aCN@bNLC@c20060805 |
| 905 | @a10447@dG623.6@e176 | |
| 小学教师自然常识实用手册/王良忠编.-长沙:湖南教育出版社,1982 |
| 431页;19cm |
| ISBN :CNY1.10 |
| ● |
| 相关链接 |
|
|
|
|
正题名:小学教师自然常识实用手册
索取号:G623.6/176
 
预约/预借
| 序号 | 登录号 | 条形码 | 馆藏地/架位号 | 状态 | 备注 |
| 1 | 0447126 | 204471268 | 密集书库/ [索取号:G623.6/176] | 在馆 | |
| 2 | 0450039 | 204500398 | 密集书库/ [索取号:G623.6/176] | 在馆 |